| 000 | 00359nam a2200145Ia 4500 | ||
|---|---|---|---|
| 008 | 230312s9999||||xx |||||||||||||| ||und|| | ||
| 020 | _a9781584505815 | ||
| 082 |
_a006 _bHAS-V |
||
| 100 | _aShelly | ||
| 245 | 0 | _aAdobe Dreamweaver CS5 : comprehensive | |
| 260 |
_bCengage _aUSA _c2009 |
||
| 300 | _a405 | ||
| 650 |
_aArchitecture _vGraphic arts |
||
| 942 | _cBK | ||
| 999 |
_c17254 _d17254 |
||